000
00298nam a22001337a 4500
008
180105b xxu||||| |||| 00| 0 eng d
020
_a
9780073402062
041
_a
eng
080
_a
34
100
_a
14
101
_a
JUR
245
_a
LAWÐICS FOR MEDICAL CAREERS
_c
JUDSON,K
942
_2
udc
_c
BK
999
_c
39816
_d
39816